000
00246nam a2200097Ia 4500
001
1211303
005
20250827024434.0
008
250824s9999 xx 000 0 und d
245
0
_a
KANADI KIRIK KUŞLAR
_c
AYŞE KULİN
260
_b
EVEREST YAYINLARI
999
_c
1211303
_d
1211303